Ultrapurification of semiconductor materials : (Record no. 71579)
[ view plain ]
| 000 -LEADER | |
|---|---|
| fixed length control field | 01170nam a2200253 a 4500 |
| 001 - CONTROL NUMBER | |
| control field | 71579 |
| 003 - CONTROL NUMBER IDENTIFIER | |
| rucl marc code | BD-RjUL |
| 005 - DATE AND TIME OF LATEST TRANSACTION | |
| control field | 20211209082131.0 |
| 008 - FIXED-LENGTH DATA ELEMENTS--GENERAL INFORMATION | |
| fixed length control field | 170506s1962 nyua b 100 0 eng d |
| 035 ## - SYSTEM CONTROL NUMBER | |
| System control number | (BD-RjUL)71795 |
| 040 ## - CATALOGING SOURCE | |
| Original cataloging agency | DLC/ICU |
| Transcribing agency | ICU |
| Modifying agency | DLC |
| -- | BD-RjUL |
| Language of cataloging | eng |
| 041 ## - LANGUAGE CODE | |
| Language code of text/sound track or separate title | eng |
| 082 00 - DEWEY DECIMAL CLASSIFICATION NUMBER | |
| Classification number | 621.3815 |
| Edition number | 23 |
| Author mark and year | ULT 1962 |
| 111 2# - MAIN ENTRY--MEETING NAME | |
| Meeting name or jurisdiction name as entry element | Conference on Ultrapurification of Semiconductor Materials |
| Date of meeting | (1961 : |
| Location of meeting | Boston, Mass.) |
| 9 (RLIN) | 211801 |
| 245 10 - TITLE STATEMENT | |
| Title | Ultrapurification of semiconductor materials : |
| Remainder of title | proceedings of the Conference on Ultrapurification of Semiconductor Materials, Boston, Massachusetts, april 11-13, 1961 / |
| Statement of responsibility, etc. | Edited by M. S. Brooks and J. K. Kennedy. Sponsored by the Electronics Research Directorate, Air Force Cambridge Research Laboratories. |
| 260 ## - PUBLICATION, DISTRIBUTION, ETC. (IMPRINT) | |
| Place of publication, distribution, etc. | New York : |
| Name of publisher, distributor, etc. | Macmillan, |
| Date of publication, distribution, etc. | c1962 |
| 300 ## - PHYSICAL DESCRIPTION | |
| Pagination | 655 p. : |
| Illustrations | ill. ; |
| Size | 25 cm. |
| 504 ## - BIBLIOGRAPHY, ETC. NOTE | |
| Bibliography, etc | Includes bibliographies. |
| 650 #0 - SUBJECT ADDED ENTRY--TOPICAL TERM | |
| Topical term or geographic name as entry element | Semiconductors |
| General subdivision | Congresses. |
| 9 (RLIN) | 209801 |
| 700 1# - ADDED ENTRY--PERSONAL NAME | |
| Personal name | Brooks, M. S. |
| Fuller form of name | (Marvin S.), |
| Relator term | ed. |
| Personal name | Kennedy, J. K. |
| Fuller form of name | (John K.), |
| Relator term | ed. |
| 710 2# - ADDED ENTRY--CORPORATE NAME | |
| Corporate name or jurisdiction name as entry element | Air Force Cambridge Research Laboratories (U.S.). |
| Subordinate unit | Electronics Research Directorate. |
| 9 (RLIN) | 211804 |
| 942 ## - ADDED ENTRY ELEMENTS (KOHA) | |
| Source of classification or shelving scheme | Dewey Decimal Classification |
| Koha item type | Books |
| Lost status | Source of classification or shelving scheme | Damaged status | Not for loan | Collection code | Permanent Location | Current Location | Shelving location | Date acquired | Source of acquisition | Cost, normal purchase price | Total Checkouts | Full call number | Date last seen | Copy number | Koha item type |
|---|---|---|---|---|---|---|---|---|---|---|---|---|---|---|---|
| Dewey Decimal Classification | Not For Loan | Non-fiction | Central Library, University of Rajshahi | Central Library, University of Rajshahi | Reading Room | 08/05/1964 | Zeithlinger | 95.00 | 621.3815 ULT 1962 | 06/05/2017 | C-2 | Books |